Ideología y teoría sociológica (Record no. 11697)
[ view plain ]
| 000 -CABECERA | |
|---|---|
| campo de control de longitud fija | 00743cam a22002172a 4500 |
| 001 - NÚMERO DE CONTROL | |
| campo de control | 005876 |
| 003 - IDENTIFICADOR DEL NÚMERO DE CONTROL | |
| campo de control | AR-FADEU |
| 008 - DATOS DE LONGITUD FIJA--INFORMACIÓN GENERAL | |
| campo de control de longitud fija | 311216n1970####xxu####################dd |
| 020 ## - NÚMERO INTERNACIONAL ESTÁNDAR DEL LIBRO | |
| Número Internacional Estándar del Libro | 950-518-020-9 |
| 092 ## - ASIGNACIÓN LOCAL DE SIGNATURA TOPOGRÁFICA DEWEY (OCLC) | |
| Número de clasificación | 301.01 |
| Número de documento/Ítem | Z43 |
| 100 ## - ENTRADA PRINCIPAL--NOMBRE DE PERSONA | |
| Nombre de persona | Zeitlin, Irving M. |
| 245 ## - MENCIÓN DE TÍTULO | |
| Título | Ideología y teoría sociológica |
| 260 ## - PUBLICACIÓN, DISTRIBUCIÓN, ETC. (PIE DE IMPRENTA) | |
| Lugar de publicación, distribución, etc. | Buenos Aires |
| 260 ## - PUBLICACIÓN, DISTRIBUCIÓN, ETC. (PIE DE IMPRENTA) | |
| Nombre del editor, distribuidor, etc. | Amorrortu |
| 260 ## - PUBLICACIÓN, DISTRIBUCIÓN, ETC. (PIE DE IMPRENTA) | |
| Fecha de publicación, distribución, etc. | 1970-82 |
| 300 ## - DESCRIPCIÓN FÍSICA | |
| Extensión | 365 p |
| 440 ## - MENCIÓN DE SERIE/PUNTO DE ACCESO ADICIONAL--TÍTULO | |
| Título | Biblioteca de sociología |
| 650 ## - PUNTO DE ACCESO ADICIONAL DE MATERIA--TÉRMINO DE MATERIA | |
| Término de materia o nombre geográfico como elemento inicial | MANNHEIM, KARL; MICHELS, ROBERT; SOCIOLOGIA-TEORIA; IDEOLOGIA; ILU; MONTESQUIEU; ROUSSEAU; MAISTRE, JOSEPH DE; BONALD, LOUIS DE; SAINT-SIMON; COMTE, AUGUSTE; MARXISMO-SOCIOLOGIA; WEBER, MAX; PARETO, VILFREDO; MOSCA, GAETANO |
| 700 ## - PUNTO DE ACCESO ADICIONAL--NOMBRE DE PERSONA | |
| Nombre de persona | Néstor A., Mínguez, tr. |
| 942 ## - ELEMENTOS DE PUNTO DE ACCESO ADICIONAL (KOHA) | |
| Tipo de ítem Koha | BDGR |
| Estado de retiro | Estado de pérdida | Estado dañado | No para préstamo | Localización permanente | Ubicación/localización actual | Fecha de adquisición | Número de inventario | Total de préstamos | Signatura topográfica completa | Código de barras | Fecha visto por última vez | Fecha del último préstamo | Precio válido a partir de | Tipo de ítem Koha |
|---|---|---|---|---|---|---|---|---|---|---|---|---|---|---|
| Biblioteca Ernesto Sabato - FADECS - UNCOMA | Biblioteca Ernesto Sabato - FADECS - UNCOMA | 21/02/2017 | 1268 | 2 | 301.01 Z43 | 1268 | 24/09/2019 | 17/09/2019 | 21/02/2017 | BDGR |